<?xml version="1.0" encoding="UTF-8"?>
<collection xmlns="http://www.loc.gov/MARC21/slim">
 <record>
  <leader>03968nas a2200517   4500</leader>
  <controlfield tag="001">1/50476</controlfield>
  <controlfield tag="008">080312s19??9999gr fn p       0   g0gre d</controlfield>
  <datafield tag="022" ind1=" " ind2=" ">
   <subfield code="a">1790-9368</subfield>
  </datafield>
  <datafield tag="035" ind1=" " ind2=" ">
   <subfield code="l">37033</subfield>
  </datafield>
  <datafield tag="040" ind1=" " ind2=" ">
   <subfield code="a">GR-PeUP</subfield>
  </datafield>
  <datafield tag="090" ind1=" " ind2=" ">
   <subfield code="a">Αλφαβητική σειρά</subfield>
  </datafield>
  <datafield tag="245" ind1="0" ind2="0">
   <subfield code="a">Κοινωνική Συνοχή και Ανάπτυξη = Social Cohesion and Development</subfield>
  </datafield>
  <datafield tag="260" ind1=" " ind2=" ">
   <subfield code="a">Αθήνα :</subfield>
   <subfield code="b">Επιστημονική Εταιρεία για την Κοινωνική Συνοχή και Ανάπτυξη,</subfield>
   <subfield code="c">[19--]</subfield>
  </datafield>
  <datafield tag="300" ind1=" " ind2=" ">
   <subfield code="a">τ. ;</subfield>
   <subfield code="c">24 εκ.</subfield>
  </datafield>
  <datafield tag="310" ind1=" " ind2=" ">
   <subfield code="a">2 φορές το χρόνο</subfield>
  </datafield>
  <datafield tag="362" ind1="0" ind2=" ">
   <subfield code="a">Τομ. 1, τχ. 2 (Φθινόπωρο 2006)-</subfield>
  </datafield>
  <datafield tag="546" ind1=" " ind2=" ">
   <subfield code="a">Ελληνική, Αγγλική</subfield>
  </datafield>
  <datafield tag="650" ind1=" " ind2="4">
   <subfield code="a">Κοινωνικές Επιστήμες</subfield>
   <subfield code="v">Περιοδικά.</subfield>
  </datafield>
  <datafield tag="650" ind1=" " ind2="4">
   <subfield code="a">Δημόσια οικονομική</subfield>
   <subfield code="v">Περιοδικά.</subfield>
  </datafield>
  <datafield tag="852" ind1=" " ind2=" ">
   <subfield code="a">INST</subfield>
   <subfield code="b">UNIPILB</subfield>
   <subfield code="c">SERIALS</subfield>
   <subfield code="e">20080911</subfield>
   <subfield code="h">Αλφαβητική σειρά</subfield>
   <subfield code="p">61498</subfield>
   <subfield code="q">61498</subfield>
   <subfield code="t">NOLOAN</subfield>
   <subfield code="v">τομ.1;τεύχ.2:(Εποχή)Φθινόπωρο;(Έτος)2006</subfield>
   <subfield code="y">23</subfield>
  </datafield>
  <datafield tag="852" ind1=" " ind2=" ">
   <subfield code="a">INST</subfield>
   <subfield code="b">UNIPILB</subfield>
   <subfield code="c">SERIALS</subfield>
   <subfield code="e">20080911</subfield>
   <subfield code="h">Αλφαβητική σειρά</subfield>
   <subfield code="p">61499</subfield>
   <subfield code="q">61499</subfield>
   <subfield code="t">NOLOAN</subfield>
   <subfield code="v">τομ.2;τεύχ.1:(Εποχή)Άνοιξη;(Έτος)2007</subfield>
   <subfield code="y">23</subfield>
  </datafield>
  <datafield tag="852" ind1=" " ind2=" ">
   <subfield code="a">INST</subfield>
   <subfield code="b">UNIPILB</subfield>
   <subfield code="c">SERIALS</subfield>
   <subfield code="e">20090224</subfield>
   <subfield code="h">Αλφαβητική σειρά</subfield>
   <subfield code="p">63118</subfield>
   <subfield code="q">63118</subfield>
   <subfield code="t">NOLOAN</subfield>
   <subfield code="v">τομ.2;τεύχ.2:(Εποχή)Φθινόπωρο;(Έτος)2007</subfield>
   <subfield code="y">23</subfield>
  </datafield>
  <datafield tag="852" ind1=" " ind2=" ">
   <subfield code="a">INST</subfield>
   <subfield code="b">UNIPILB</subfield>
   <subfield code="c">SERIALS</subfield>
   <subfield code="e">20090224</subfield>
   <subfield code="h">Αλφαβητική σειρά</subfield>
   <subfield code="p">63119</subfield>
   <subfield code="q">63119</subfield>
   <subfield code="t">NOLOAN</subfield>
   <subfield code="v">τομ.3;τεύχ.1:(Εποχή)Άνοιξη;(Έτος)2008</subfield>
   <subfield code="y">23</subfield>
  </datafield>
  <datafield tag="852" ind1=" " ind2=" ">
   <subfield code="a">INST</subfield>
   <subfield code="b">UNIPILB</subfield>
   <subfield code="c">SERIALS</subfield>
   <subfield code="e">20090901</subfield>
   <subfield code="h">Αλφαβητική σειρά</subfield>
   <subfield code="p">64534</subfield>
   <subfield code="q">64534</subfield>
   <subfield code="t">NOLOAN</subfield>
   <subfield code="v">τομ.3;τεύχ.2:(Εποχή)Φθινόπωρο;(Έτος)2008</subfield>
   <subfield code="y">23</subfield>
  </datafield>
  <datafield tag="852" ind1=" " ind2=" ">
   <subfield code="a">INST</subfield>
   <subfield code="b">UNIPILB</subfield>
   <subfield code="c">SERIALS</subfield>
   <subfield code="e">20091217</subfield>
   <subfield code="h">Αλφαβητική σειρά</subfield>
   <subfield code="p">65989</subfield>
   <subfield code="q">65989</subfield>
   <subfield code="t">NOLOAN</subfield>
   <subfield code="v">τομ.4;τεύχ.1:(Εποχή)Άνοιξη;(Έτος)2009</subfield>
   <subfield code="y">23</subfield>
  </datafield>
  <datafield tag="852" ind1=" " ind2=" ">
   <subfield code="a">INST</subfield>
   <subfield code="b">UNIPILB</subfield>
   <subfield code="c">SERIALS</subfield>
   <subfield code="e">20100706</subfield>
   <subfield code="h">Αλφαβητική σειρά</subfield>
   <subfield code="p">69438</subfield>
   <subfield code="q">69438</subfield>
   <subfield code="t">NOLOAN</subfield>
   <subfield code="v">τομ.4;τεύχ.2:(Εποχή)Φθινόπωρο;(Έτος)2009</subfield>
   <subfield code="y">23</subfield>
  </datafield>
  <datafield tag="852" ind1=" " ind2=" ">
   <subfield code="a">INST</subfield>
   <subfield code="b">UNIPILB</subfield>
   <subfield code="c">SERIALS</subfield>
   <subfield code="e">20101126</subfield>
   <subfield code="h">Αλφαβητική σειρά</subfield>
   <subfield code="p">70668</subfield>
   <subfield code="q">70668</subfield>
   <subfield code="t">NOLOAN</subfield>
   <subfield code="v">τομ.5;τεύχ.1:(Εποχή)Άνοιξη;(Έτος)2010</subfield>
   <subfield code="y">23</subfield>
  </datafield>
  <datafield tag="852" ind1=" " ind2=" ">
   <subfield code="a">INST</subfield>
   <subfield code="b">UNIPILB</subfield>
   <subfield code="c">SERIALS</subfield>
   <subfield code="e">20120423</subfield>
   <subfield code="h">Αλφαβητική σειρά</subfield>
   <subfield code="p">75246</subfield>
   <subfield code="q">75246</subfield>
   <subfield code="t">NOLOAN</subfield>
   <subfield code="v">τομ.6;τεύχ.1:(Εποχή)Άνοιξη;(Έτος)2011</subfield>
   <subfield code="y">23</subfield>
  </datafield>
  <datafield tag="852" ind1=" " ind2=" ">
   <subfield code="a">INST</subfield>
   <subfield code="b">UNIPILB</subfield>
   <subfield code="c">SERIALS</subfield>
   <subfield code="e">20131118</subfield>
   <subfield code="h">Αλφαβητική σειρά</subfield>
   <subfield code="p">81347</subfield>
   <subfield code="q">81347</subfield>
   <subfield code="t">NOLOAN</subfield>
   <subfield code="v">τομ.5;τεύχ.2:(Εποχή)Φθινόπωρο;(Έτος)2010</subfield>
   <subfield code="y">23</subfield>
  </datafield>
  <datafield tag="852" ind1=" " ind2=" ">
   <subfield code="a">INST</subfield>
   <subfield code="b">UNIPILB</subfield>
   <subfield code="c">SERIALS</subfield>
   <subfield code="e">20131118</subfield>
   <subfield code="h">Αλφαβητική σειρά</subfield>
   <subfield code="p">81348</subfield>
   <subfield code="q">81348</subfield>
   <subfield code="t">NOLOAN</subfield>
   <subfield code="v">τομ.6;τεύχ.1:(Εποχή)Άνοιξη;(Έτος)2011</subfield>
   <subfield code="y">23</subfield>
  </datafield>
  <datafield tag="852" ind1=" " ind2=" ">
   <subfield code="a">INST</subfield>
   <subfield code="b">UNIPILB</subfield>
   <subfield code="c">SERIALS</subfield>
   <subfield code="e">20131118</subfield>
   <subfield code="h">Αλφαβητική σειρά</subfield>
   <subfield code="p">81349</subfield>
   <subfield code="q">81349</subfield>
   <subfield code="t">NOLOAN</subfield>
   <subfield code="v">τομ.6;τεύχ.2:(Εποχή)Φθινόπωρο;(Έτος)2011</subfield>
   <subfield code="y">23</subfield>
  </datafield>
  <datafield tag="856" ind1="4" ind2="1">
   <subfield code="u">http://www.epeksa.gr/</subfield>
  </datafield>
  <datafield tag="900" ind1=" " ind2=" ">
   <subfield code="a">Τομ. 6 τχ. 3 </subfield>
   <subfield code="b">Αν/μενοISS</subfield>
   <subfield code="c">04/06/2025</subfield>
  </datafield>
  <datafield tag="950" ind1=" " ind2=" ">
   <subfield code="a">01/01/2006</subfield>
   <subfield code="c">ΕΠΙΣΤΗΜΟΝΙΚΗ ΕΤΑΙΡΕΙΑ ΓΙΑ ΤΗΝ ΚΟΙΝΩΝΙΚΗ ΣΥΝΟΧΗ ΚΑΙ ΑΝΑΠΤΥΞΗ</subfield>
   <subfield code="d">778</subfield>
  </datafield>
  <datafield tag="951" ind1=" " ind2=" ">
   <subfield code="a">Τομ. 6 τχ. 2  (Φθινόπωρο 2011)</subfield>
   <subfield code="b">Main run</subfield>
  </datafield>
  <datafield tag="951" ind1=" " ind2=" ">
   <subfield code="a">Τομ. 1 τχ. 2  (Φθινόπωρο 2006)</subfield>
   <subfield code="b">Main run</subfield>
  </datafield>
  <datafield tag="951" ind1=" " ind2=" ">
   <subfield code="a">Τομ. 2 τχ. 1  (Άνοιξη 2007)</subfield>
   <subfield code="b">Main run</subfield>
  </datafield>
  <datafield tag="951" ind1=" " ind2=" ">
   <subfield code="a">Τομ. 2 τχ. 2  (Φθινόπωρο 2007)</subfield>
   <subfield code="b">Main run</subfield>
  </datafield>
  <datafield tag="951" ind1=" " ind2=" ">
   <subfield code="a">Τομ. 6 τχ. 1  (Άνοιξη 2011)</subfield>
   <subfield code="b">Main run</subfield>
  </datafield>
  <datafield tag="951" ind1=" " ind2=" ">
   <subfield code="a">Τομ. 3 τχ. 1  (Άνοιξη 2008)</subfield>
   <subfield code="b">Main run</subfield>
  </datafield>
  <datafield tag="951" ind1=" " ind2=" ">
   <subfield code="a">Τομ. 3 τχ. 2  (Φθινόπωρο 2008)</subfield>
   <subfield code="b">Main run</subfield>
  </datafield>
  <datafield tag="951" ind1=" " ind2=" ">
   <subfield code="a">Τομ. 4 τχ. 1  (Άνοιξη 2009)</subfield>
   <subfield code="b">Main run</subfield>
  </datafield>
  <datafield tag="951" ind1=" " ind2=" ">
   <subfield code="a">Τομ. 4 τχ. 2  (Φθινόπωρο 2009)</subfield>
   <subfield code="b">Main run</subfield>
  </datafield>
  <datafield tag="951" ind1=" " ind2=" ">
   <subfield code="a">Τομ. 5 τχ. 1  (Άνοιξη 2010)</subfield>
   <subfield code="b">Main run</subfield>
  </datafield>
  <datafield tag="951" ind1=" " ind2=" ">
   <subfield code="a">Τομ. 5 τχ. 2  (Autumn 2010)</subfield>
   <subfield code="b">Main run</subfield>
  </datafield>
  <datafield tag="951" ind1=" " ind2=" ">
   <subfield code="a">Τομ. 6 τχ. 1  (Spring 2011)</subfield>
   <subfield code="b">Main run</subfield>
  </datafield>
 </record>
</collection>
